عرض عادي عرض مارك
  • Johnson, Walter R.

مدخل إسم شخص

عدد التسجيلات المستخدمة في: 1

001 - رقم الضبط

  • حقل الضبط: 39883

003 - معرف رقم الضبط

  • حقل الضبط: OSt

005 - تاريخ ووقت أخر عملية

  • حقل الضبط: 20131116111047.0

008 - عناصر بيانات ثابتة الطول

  • حقل تحكم ثابت الطول: 131116|||a|||||| | ||| d

040 ## - مصدر الفهرسة

  • هيئة الفهرسة الأصلية: OSt
  • وكالة الكتابة: OSt

100 ## - مدخل -- أسم شخص

  • إسم شخص: Johnson, Walter R.
  • الشكل الكامل للاسم: (Walter Richard),
  • تواريخ مرتبطة بالاسم: 1929-

670 ## - بيانات المصدر موجوده

  • الاستشهاد بالمصدر: Work cat.: (OSt)0: Johnson, Walter R. (Walter Richard), 1929-, Atomic Structure Theory :, 2007.